[Event "DEM U10w 2025"]
[Site "Willingen GER"]
[Date "2025.06.10"]
[Round "4"]
[White "Quauck, Johanna"]
[Black "Dobrynina, Alona"]
[Result "0-1"]
[Termination "normal"]
[Board "20"]
[WhiteElo "973"]
[BlackElo "1031"]
[WhiteClock "00:54:01"]
[BlackClock "00:48:25"]
[PlyCount "62"]
[WhiteFideId "533043604"]
[BlackFideId "533043540"]
[EventCountry "GER"]
[EventRounds "9"]
[EventType "swiss"]
[EventDate "2025.06.07"]

1. b4 {[%clk 01:30:58]} {[%emt 00:00:01]} e5 {[%clk 01:30:46]} {[%emt
00:00:14]} 2. Bb2 {[%clk 01:31:23]} {[%emt 00:00:05]} Bxb4 {[%clk 01:30:51]}
{[%emt 00:00:25]} 3. Bxe5 {[%clk 01:31:47]} {[%emt 00:00:06]} Nf6 {[%clk
01:30:54]} {[%emt 00:00:27]} 4. Nf3 {[%clk 01:31:52]} {[%emt 00:00:25]} O-O
{[%clk 01:30:22]} {[%emt 00:01:02]} 5. e3 {[%clk 01:31:52]} {[%emt 00:00:29]}
Nc6 {[%clk 01:29:09]} {[%emt 00:01:44]} 6. Bb2 {[%clk 01:32:05]} {[%emt
00:00:16]} d5 {[%clk 01:29:04]} {[%emt 00:00:35]} 7. Be2 {[%clk 01:31:46]}
{[%emt 00:00:49]} Bg4 {[%clk 01:28:06]} {[%emt 00:01:28]} 8. Nc3 {[%clk
01:30:35]} {[%emt 00:01:38]} Bxf3 {[%clk 01:27:59]} {[%emt 00:00:40]} 9. Bxf3
{[%clk 01:30:53]} {[%emt 00:00:12]} Re8 {[%clk 01:26:46]} {[%emt 00:01:42]} 10.
O-O {[%clk 01:28:33]} {[%emt 00:02:50]} d4 {[%clk 01:25:43]} {[%emt 00:01:33]}
11. Nb5 {[%clk 01:26:57]} {[%emt 00:02:07]} dxe3 {[%clk 01:22:43]} {[%emt
00:03:30]} 12. dxe3 {[%clk 01:26:17]} {[%emt 00:01:09]} Qe7 {[%clk 01:21:10]}
{[%emt 00:02:02]} 13. c3 {[%clk 01:24:39]} {[%emt 00:02:10]} Bc5 {[%clk
01:20:29]} {[%emt 00:01:09]} 14. Re1 {[%clk 01:23:38]} {[%emt 00:01:31]} a6
{[%clk 01:19:36]} {[%emt 00:01:25]} 15. Nd4 {[%clk 01:22:14]} {[%emt 00:01:54]}
Rad8 {[%clk 01:18:44]} {[%emt 00:01:20]} 16. Rb1 {[%clk 01:20:23]} {[%emt
00:02:22]} Qe5 {[%clk 01:16:00]} {[%emt 00:03:12]} 17. Nc2 {[%clk 01:19:12]}
{[%emt 00:01:42]} Rxd1 {[%clk 01:15:46]} {[%emt 00:00:45]} 18. Rbxd1 {[%clk
01:17:34]} {[%emt 00:00:03]} Ne7 {[%clk 01:14:41]} {[%emt 00:03:40]} 19. Bxb7
{[%clk 01:15:28]} {[%emt 00:02:36]} Ng6 {[%clk 01:13:05]} {[%emt 00:02:07]} 20.
Bc6 {[%clk 01:13:16]} {[%emt 00:02:42]} Rb8 {[%clk 01:08:53]} {[%emt 00:04:41]}
21. Ba1 {[%clk 01:11:01]} {[%emt 00:02:42]} Ng4 {[%clk 01:03:52]} {[%emt
00:05:34]} 22. g3 {[%clk 01:09:51]} {[%emt 00:01:40]} Qh5 {[%emt 00:03:22]} 23.
Bg2 {[%clk 01:08:32]} {[%emt 00:00:24]} Qxh2+ {[%clk 01:01:53]} {[%emt
00:01:02]} 24. Kf1 {[%clk 01:08:49]} {[%emt 00:00:13]} N6e5 {[%clk 01:00:01]}
{[%emt 00:02:22]} 25. Re2 {[%clk 01:06:02]} {[%emt 00:03:17]} Nc4 {[%clk
00:55:25]} {[%emt 00:05:06]} 26. Bf3 {[%clk 00:54:45]} {[%emt 00:11:43]} g6
{[%clk 00:52:55]} {[%emt 00:03:03]} 27. Rd5 {[%clk 00:53:38]} {[%emt 00:01:36]}
Rb1+ {[%clk 00:49:58]} {[%emt 00:03:27]} 28. Rd1 {[%clk 00:53:22]} {[%emt
00:00:46]} Rxd1+ {[%clk 00:49:00]} {[%emt 00:01:28]} 29. Ne1 {[%clk 00:53:36]}
{[%emt 00:00:15]} Nd2+ {[%clk 00:47:58]} {[%emt 00:01:34]} 30. Rxd2 {[%clk
00:53:53]} {[%emt 00:00:13]} Rxd2 {[%clk 00:48:11]} {[%emt 00:00:17]} 31. Ng2
{[%clk 00:54:01]} {[%emt 00:00:22]} Qh1# {[%clk 00:48:25]} {[%emt 00:00:15]}
0-1

[Event "DEM U10w 2025"]
[Site "Willingen GER"]
[Date "2025.06.10"]
[Round "4"]
[White "Richter Assencio, Victoria"]
[Black "Schmidt, Hannah"]
[Result "0-1"]
[Termination "normal"]
[Board "21"]
[WhiteElo "955"]
[BlackElo "1121"]
[WhiteClock "01:06:28"]
[BlackClock "01:04:08"]
[PlyCount "50"]
[WhiteFideId "533043620"]
[BlackFideId "533043639"]
[EventCountry "GER"]
[EventRounds "9"]
[EventType "swiss"]
[EventDate "2025.06.07"]

1. e4 {[%emt 00:00:10]} c5 {[%clk 01:30:54]} 2. Nf3 {[%clk 01:30:41]} {[%emt
00:00:44]} e6 {[%clk 01:31:08]} {[%emt 00:00:16]} 3. d4 {[%clk 01:31:04]}
{[%emt 00:00:07]} cxd4 {[%clk 01:31:28]} {[%emt 00:00:09]} 4. Nxd4 {[%clk
01:30:48]} {[%emt 00:00:41]} Nf6 {[%clk 01:31:43]} {[%emt 00:00:20]} 5. e5
{[%clk 01:28:24]} {[%emt 00:02:55]} Nd5 {[%clk 01:31:43]} {[%emt 00:00:30]} 6.
c4 {[%clk 01:23:41]} {[%emt 00:05:12]} Nb6 {[%clk 01:28:22]} {[%emt 00:03:52]}
7. Nc3 {[%clk 01:21:57]} {[%emt 00:02:14]} Bb4 {[%clk 01:27:39]} {[%emt
00:01:13]} 8. Bd2 {[%clk 01:21:11]} {[%emt 00:01:17]} Nc6 {[%clk 01:27:14]}
{[%emt 00:00:54]} 9. Ncb5 {[%clk 01:18:01]} {[%emt 00:03:40]} Bc5 {[%clk
01:24:25]} {[%emt 00:03:19]} 10. Bf4 {[%clk 01:17:25]} {[%emt 00:01:05]} a6
{[%clk 01:23:25]} {[%emt 00:01:31]} 11. Nxc6 {[%clk 01:16:57]} {[%emt
00:00:58]} bxc6 {[%clk 01:23:32]} {[%emt 00:00:23]} 12. Nd6+ {[%clk 01:16:01]}
{[%emt 00:01:27]} Bxd6 {[%clk 01:23:06]} {[%emt 00:00:56]} 13. Qxd6 {[%clk
01:15:29]} {[%emt 00:01:02]} Bb7 {[%clk 01:21:39]} {[%emt 00:01:57]} 14. c5
{[%clk 01:15:14]} {[%emt 00:00:45]} Nc8 {[%clk 01:21:36]} {[%emt 00:00:32]} 15.
Qd4 {[%clk 01:15:01]} {[%emt 00:00:41]} Ne7 {[%clk 01:18:21]} {[%emt 00:03:48]}
16. Bd3 {[%clk 01:14:30]} {[%emt 00:01:01]} Nd5 {[%clk 01:17:36]} {[%emt
00:01:14]} 17. O-O {[%clk 01:13:11]} {[%emt 00:01:49]} Qh4 {[%clk 01:14:13]}
{[%emt 00:03:53]} 18. g3 {[%clk 01:13:15]} {[%emt 00:00:26]} Qh3 {[%clk
01:07:53]} {[%emt 00:06:49]} 19. Qe4 {[%clk 01:07:12]} {[%emt 00:06:32]} h5
{[%clk 01:03:22]} {[%emt 00:05:00]} 20. Qg2 {[%clk 01:06:27]} {[%emt 00:01:16]}
Nxf4 {[%clk 01:02:49]} {[%emt 00:01:03]} 21. gxf4 {[%clk 01:06:46]} {[%emt
00:00:11]} Qxd3 {[%clk 01:03:00]} {[%emt 00:00:19]} 22. Qxg7 {[%clk 01:06:53]}
{[%emt 00:00:23]} O-O-O {[%clk 01:03:06]} {[%emt 00:00:24]} 23. Qxf7 {[%clk
01:06:57]} {[%emt 00:00:26]} Rhg8+ {[%clk 01:03:23]} {[%emt 00:00:13]} 24. Qxg8
{[%clk 01:06:02]} {[%emt 00:01:25]} Rxg8+ {[%clk 01:03:46]} {[%emt 00:00:07]}
25. Kh1 {[%clk 01:06:28]} {[%emt 00:00:05]} Qf3# {[%clk 01:04:08]} {[%emt
00:00:07]} 0-1

[Event "DEM U10w 2025"]
[Site "Willingen GER"]
[Date "2025.06.13"]
[Round "8"]
[White "Gubler, Miriam"]
[Black "Vignesh, Sara"]
[Result "1-0"]
[Termination "normal"]
[Board "1"]
[WhiteElo "1188"]
[BlackElo "1604"]
[WhiteClock "00:33:31"]
[BlackClock "00:30:30"]
[PlyCount "97"]
[WhiteFideId "533043809"]
[BlackFideId "34674756"]
[EventCountry "GER"]
[EventRounds "9"]
[EventType "swiss"]
[EventDate "2025.06.07"]

1. e4 {[%clk 01:30:56]} {[%emt 00:00:02]} c6 {[%clk 01:30:58]} {[%emt
00:00:04]} 2. d4 {[%clk 01:31:19]} {[%emt 00:00:06]} d5 {[%clk 01:31:25]}
{[%emt 00:00:03]} 3. e5 {[%clk 01:31:41]} {[%emt 00:00:08]} c5 {[%clk
01:31:50]} {[%emt 00:00:05]} 4. dxc5 {[%clk 01:32:00]} {[%emt 00:00:10]} Nc6
{[%clk 01:32:16]} {[%emt 00:00:05]} 5. Nf3 {[%clk 01:32:21]} {[%emt 00:00:08]}
Bg4 {[%clk 01:32:42]} {[%emt 00:00:05]} 6. c3 {[%clk 01:32:35]} {[%emt
00:00:16]} e6 {[%clk 01:32:34]} {[%emt 00:00:37]} 7. Be3 {[%clk 01:32:52]}
{[%emt 00:00:13]} Nge7 {[%emt 00:07:05]} 8. Be2 {[%clk 01:27:21]} Bxf3 {[%clk
01:30:22]} {[%emt 00:02:10]} 9. Bxf3 {[%clk 01:27:12]} {[%emt 00:00:37]} Nxe5
{[%clk 01:29:55]} {[%emt 00:00:57]} 10. Be2 {[%clk 01:22:08]} {[%emt 00:05:35]}
N5c6 {[%clk 01:26:10]} {[%emt 00:04:15]} 11. O-O {[%clk 01:15:52]} {[%emt
00:06:46]} Ng6 {[%clk 01:25:13]} {[%emt 00:01:26]} 12. Bb5 {[%clk 01:10:36]}
{[%emt 00:05:40]} Be7 {[%clk 01:22:55]} {[%emt 00:02:54]} 13. Nd2 {[%clk
01:08:58]} {[%emt 00:02:08]} Rc8 {[%clk 01:21:57]} {[%emt 00:01:28]} 14. b4
{[%clk 01:07:34]} {[%emt 00:01:54]} O-O {[%clk 01:18:30]} {[%emt 00:03:57]} 15.
Nf3 {[%clk 01:07:02]} {[%emt 00:01:03]} Bf6 {[%clk 01:17:52]} {[%emt 00:01:08]}
16. Rc1 {[%clk 01:04:29]} {[%emt 00:03:02]} Nce5 {[%clk 01:13:33]} {[%emt
00:04:50]} 17. Nxe5 {[%clk 01:02:56]} {[%emt 00:02:03]} Bxe5 {[%clk 01:13:04]}
{[%emt 00:00:58]} 18. Qd2 {[%clk 01:00:26]} {[%emt 00:02:59]} a6 {[%clk
01:08:46]} {[%emt 00:04:50]} 19. Be2 {[%clk 01:00:06]} {[%emt 00:00:42]} Qc7
{[%clk 01:07:08]} {[%emt 00:02:16]} 20. h3 {[%clk 00:59:24]} {[%emt 00:01:12]}
Nf4 {[%clk 01:06:03]} {[%emt 00:01:35]} 21. Bf3 {[%clk 00:57:08]} {[%emt
00:02:45]} Ng6 {[%clk 01:02:55]} {[%emt 00:03:38]} 22. Rfd1 {[%clk 00:55:55]}
{[%emt 00:01:43]} Bf4 {[%clk 00:58:30]} {[%emt 00:04:56]} 23. Bxf4 {[%clk
00:54:44]} {[%emt 00:01:40]} Nxf4 {[%clk 00:57:57]} {[%emt 00:01:03]} 24. c4
{[%clk 00:53:02]} {[%emt 00:02:13]} Rfd8 {[%clk 00:56:32]} {[%emt 00:01:55]}
25. cxd5 {[%clk 00:51:30]} {[%emt 00:02:02]} Nxd5 {[%clk 00:56:50]} {[%emt
00:00:12]} 26. Qb2 {[%clk 00:50:42]} {[%emt 00:01:18]} Nf4 {[%clk 00:53:33]}
{[%emt 00:03:45]} 27. Qc2 {[%clk 00:47:49]} {[%emt 00:03:24]} Ng6 {[%clk
00:47:37]} {[%emt 00:06:26]} 28. a3 {[%clk 00:47:13]} {[%emt 00:01:07]} Ne5
{[%clk 00:47:08]} {[%emt 00:00:59]} 29. Qc3 {[%clk 00:45:49]} {[%emt 00:01:53]}
Nxf3+ {[%clk 00:44:23]} {[%emt 00:03:16]} 30. Qxf3 {[%clk 00:46:00]} {[%emt
00:00:18]} h6 {[%clk 00:43:10]} {[%emt 00:01:42]} 31. Rc2 {[%clk 00:43:52]}
{[%emt 00:02:39]} Rxd1+ {[%clk 00:42:49]} {[%emt 00:00:51]} 32. Qxd1 {[%clk
00:44:12]} {[%emt 00:00:10]} Rd8 {[%clk 00:43:05]} {[%emt 00:00:14]} 33. Rd2
{[%clk 00:44:25]} {[%emt 00:00:17]} Rxd2 {[%clk 00:42:22]} {[%emt 00:01:14]}
34. Qxd2 {[%clk 00:44:49]} {[%emt 00:00:06]} Kf8 {[%clk 00:42:31]} {[%emt
00:00:20]} 35. Kf1 {[%clk 00:44:14]} {[%emt 00:01:07]} Ke8 {[%clk 00:39:48]}
{[%emt 00:03:13]} 36. Qd4 {[%clk 00:42:30]} {[%emt 00:02:14]} Qd7 {[%clk
00:39:59]} {[%emt 00:00:19]} 37. Qxd7+ {[%clk 00:42:09]} {[%emt 00:00:52]} Kxd7
{[%clk 00:40:21]} {[%emt 00:00:08]} 38. Ke2 {[%clk 00:42:22]} {[%emt 00:00:17]}
Kc6 {[%clk 00:40:47]} {[%emt 00:00:04]} 39. Kd3 {[%clk 00:40:41]} {[%emt
00:02:10]} Kb5 {[%clk 00:40:59]} {[%emt 00:00:19]} 40. Kc3 {[%clk 00:40:58]}
{[%emt 00:00:12]} a5 {[%clk 00:40:15]} {[%emt 00:01:15]} 41. f3 {[%clk
00:40:20]} {[%emt 00:01:08]} e5 {[%clk 00:39:48]} {[%emt 00:00:56]} 42. Kb3
{[%clk 00:38:26]} {[%emt 00:02:24]} a4+ {[%clk 00:38:40]} {[%emt 00:01:38]} 43.
Kc3 {[%clk 00:38:42]} {[%emt 00:00:15]} f5 {[%clk 00:38:48]} {[%emt 00:00:22]}
44. Kd3 {[%clk 00:35:22]} {[%emt 00:03:50]} Kc6 {[%clk 00:36:48]} {[%emt
00:02:22]} 45. Kc4 {[%clk 00:34:03]} {[%emt 00:01:57]} b6 {[%clk 00:31:31]}
{[%emt 00:05:47]} 46. cxb6 {[%clk 00:33:25]} {[%emt 00:01:07]} Kxb6 {[%clk
00:30:46]} {[%emt 00:01:16]} 47. Kd5 {[%clk 00:33:27]} {[%emt 00:00:27]} Kb5
{[%clk 00:30:06]} {[%emt 00:01:11]} 48. Kxe5 {[%clk 00:33:24]} {[%emt
00:00:32]} Kc4 {[%clk 00:30:30]} {[%emt 00:00:06]} 49. Kxf5 {[%clk 00:33:31]}
{[%emt 00:00:23]} 1-0

[Event "DEM U10w 2025"]
[Site "Willingen GER"]
[Date "2025.06.13"]
[Round "8"]
[White "Bashirova, Sona"]
[Black "Helbig, Frieda"]
[Result "1-0"]
[Termination "normal"]
[Board "2"]
[WhiteElo "1639"]
[BlackElo "1449"]
[WhiteClock "00:15:54"]
[BlackClock "00:43:55"]
[PlyCount "105"]
[WhiteFideId "34664033"]
[BlackFideId "533010161"]
[EventCountry "GER"]
[EventRounds "9"]
[EventType "swiss"]
[EventDate "2025.06.07"]

1. d4 {[%clk 01:30:58]} {[%emt 00:00:01]} d5 {[%clk 01:30:51]} {[%emt
00:00:09]} 2. Nf3 {[%clk 01:31:23]} {[%emt 00:00:05]} Nf6 {[%clk 01:31:09]}
{[%emt 00:00:12]} 3. e3 {[%clk 01:31:48]} {[%emt 00:00:05]} c5 {[%clk
01:31:10]} {[%emt 00:00:27]} 4. b3 {[%clk 01:31:51]} {[%emt 00:00:29]} Nc6
{[%clk 01:31:10]} {[%emt 00:00:30]} 5. Bd3 {[%clk 01:32:02]} {[%emt 00:00:19]}
Bg4 {[%clk 01:31:09]} {[%emt 00:00:30]} 6. Bb2 {[%clk 01:32:07]} {[%emt
00:00:26]} e6 {[%clk 01:31:09]} {[%emt 00:00:30]} 7. Nbd2 {[%clk 01:31:48]}
{[%emt 00:00:49]} Bd6 {[%clk 01:30:00]} {[%emt 00:01:38]} 8. O-O {[%clk
01:31:30]} {[%emt 00:00:49]} O-O {[%clk 01:30:09]} {[%emt 00:00:21]} 9. h3
{[%clk 01:29:06]} {[%emt 00:02:54]} Bh5 {[%clk 01:28:39]} {[%emt 00:01:59]} 10.
a3 {[%clk 01:28:53]} {[%emt 00:00:44]} Rc8 {[%clk 01:26:50]} {[%emt 00:02:19]}
11. Qe1 {[%clk 01:23:02]} {[%emt 00:06:20]} Bxf3 {[%clk 01:22:38]} {[%emt
00:04:42]} 12. Nxf3 {[%clk 01:22:40]} {[%emt 00:00:53]} h6 {[%clk 01:22:00]}
{[%emt 00:01:08]} 13. Ne5 {[%clk 01:20:41]} {[%emt 00:02:29]} cxd4 {[%clk
01:19:29]} {[%emt 00:03:01]} 14. exd4 {[%clk 01:19:49]} {[%emt 00:01:22]} Bxe5
{[%clk 01:18:58]} {[%emt 00:01:01]} 15. dxe5 {[%clk 01:19:55]} {[%emt
00:00:23]} Nd7 {[%clk 01:17:52]} {[%emt 00:01:36]} 16. f4 {[%clk 01:19:54]}
{[%emt 00:00:32]} Qe7 {[%clk 01:16:50]} {[%emt 00:01:32]} 17. b4 {[%clk
01:11:41]} {[%emt 00:08:44]} f6 {[%clk 01:12:29]} {[%emt 00:04:50]} 18. Bg6
{[%clk 01:08:34]} {[%emt 00:03:37]} fxe5 {[%clk 01:09:20]} {[%emt 00:03:39]}
19. fxe5 {[%clk 01:02:59]} {[%emt 00:06:05]} Qg5 {[%clk 01:06:25]} {[%emt
00:03:21]} 20. Bd3 {[%clk 00:55:29]} {[%emt 00:08:04]} Ndxe5 {[%clk 01:04:58]}
{[%emt 00:01:57]} 21. Kh1 {[%clk 00:41:38]} {[%emt 00:14:21]} Rxf1+ {[%clk
01:01:51]} {[%emt 00:03:37]} 22. Bxf1 {[%clk 00:40:45]} {[%emt 00:01:23]} a6
{[%clk 01:00:44]} {[%emt 00:01:37]} 23. a4 {[%clk 00:39:02]} {[%emt 00:02:13]}
Re8 {[%clk 00:58:56]} {[%emt 00:02:15]} 24. b5 {[%clk 00:36:30]} {[%emt
00:03:05]} axb5 {[%clk 00:48:10]} {[%emt 00:11:16]} 25. axb5 {[%clk 00:35:56]}
{[%emt 00:01:04]} Ne7 {[%clk 00:42:55]} {[%emt 00:05:45]} 26. Qxe5 {[%clk
00:35:54]} {[%emt 00:00:31]} Qxe5 {[%clk 00:43:02]} {[%emt 00:00:23]} 27. Bxe5
{[%clk 00:33:03]} {[%emt 00:03:23]} Nf5 {[%clk 00:43:14]} {[%emt 00:00:19]} 28.
Ra7 {[%clk 00:28:03]} {[%emt 00:05:30]} Rf8 {[%clk 00:43:20]} {[%emt 00:00:23]}
29. Bd3 {[%clk 00:25:15]} {[%emt 00:03:19]} b6 {[%clk 00:42:13]} {[%emt
00:01:37]} 30. Bxf5 {[%clk 00:25:12]} {[%emt 00:00:34]} Rxf5 {[%clk 00:42:16]}
{[%emt 00:00:26]} 31. Bxg7 {[%clk 00:23:46]} {[%emt 00:01:55]} Rf1+ {[%clk
00:41:38]} {[%emt 00:01:09]} 32. Kh2 {[%clk 00:23:46]} {[%emt 00:00:30]} Rb1
{[%clk 00:41:54]} {[%emt 00:00:14]} 33. Bxh6 {[%clk 00:23:23]} {[%emt
00:00:53]} Rxb5 {[%clk 00:42:14]} {[%emt 00:00:11]} 34. Re7 {[%clk 00:21:19]}
{[%emt 00:02:33]} Rb2 {[%clk 00:42:31]} {[%emt 00:00:13]} 35. Rxe6 {[%clk
00:21:10]} {[%emt 00:00:40]} Rxc2 {[%clk 00:42:47]} {[%emt 00:00:14]} 36. Rxb6
{[%clk 00:21:18]} {[%emt 00:00:21]} d4 {[%clk 00:42:57]} {[%emt 00:00:19]} 37.
Rd6 {[%clk 00:20:52]} {[%emt 00:00:57]} Rc4 {[%clk 00:43:18]} {[%emt 00:00:09]}
38. Bf4 {[%clk 00:19:53]} {[%emt 00:01:28]} Kh7 {[%clk 00:43:16]} {[%emt
00:00:32]} 39. Be5 {[%clk 00:20:08]} {[%emt 00:00:16]} d3 {[%clk 00:43:22]}
{[%emt 00:00:23]} 40. Rxd3 {[%clk 00:20:13]} {[%emt 00:00:26]} Kg6 {[%clk
00:43:27]} {[%emt 00:00:25]} 41. Rd4 {[%clk 00:20:23]} {[%emt 00:00:20]} Rc2
{[%clk 00:43:46]} {[%emt 00:00:10]} 42. Kg1 {[%clk 00:19:17]} {[%emt 00:01:37]}
Rc1+ {[%clk 00:43:33]} {[%emt 00:00:42]} 43. Kf2 {[%clk 00:19:11]} {[%emt
00:00:37]} Rc2+ {[%clk 00:43:46]} {[%emt 00:00:17]} 44. Kf3 {[%clk 00:18:31]}
{[%emt 00:01:09]} Kf5 {[%clk 00:43:58]} {[%emt 00:00:17]} 45. Bg7 {[%clk
00:17:35]} {[%emt 00:01:21]} Rc3+ {[%clk 00:44:18]} {[%emt 00:00:18]} 46. Ke2
{[%clk 00:17:52]} {[%emt 00:00:12]} Rc2+ {[%clk 00:44:35]} {[%emt 00:00:12]}
47. Rd2 {[%clk 00:18:07]} {[%emt 00:00:16]} Rc4 {[%clk 00:44:46]} {[%emt
00:00:16]} 48. g4+ {[%clk 00:16:47]} {[%emt 00:01:53]} Kg5 {[%clk 00:44:59]}
{[%emt 00:00:17]} 49. Rd5+ {[%clk 00:16:44]} {[%emt 00:00:34]} Kh4 {[%clk
00:45:14]} {[%emt 00:00:13]} 50. Kf3 {[%clk 00:16:27]} {[%emt 00:00:48]} Rf4+
{[%clk 00:43:37]} {[%emt 00:02:07]} 51. Kxf4 {[%clk 00:16:50]} {[%emt
00:00:06]} Kxh3 {[%clk 00:43:59]} {[%emt 00:00:08]} 52. Rd2 {[%clk 00:16:20]}
{[%emt 00:00:59]} Kh4 {[%clk 00:43:55]} {[%emt 00:00:36]} 53. Rh2 {[%clk
00:15:54]} 1-0